Responses for Show #657 - Tuesday, June 16, 1987

Contestants

[<< previous game]

Robin Ditzler, a homemaker from Poway, California

Dan Stewart, a college professor from Sligo, Pennsylvania

Meg Shreve, an attorney from Bolinas, California (whose 2-day cash winnings total $19,800)

[next game >>]

Jeopardy! Round responses

INSECTS
FOOD & DRINK
COMMON BONDS
METROPOLITAN OPERA
SPINOFFS
"OUT" WORDS
    $100 11
eggs

Meg
    $100 10
nog

Dan
    $100 15
hats

Dan
    $100 1
the blackout in New York City

Dan
    $100 5
[The clue opened with a single and closed with a double quote.]

The Bionic Woman

Meg
    $100 2
outboard motor

Meg
    $200 13
eat

Meg
    $200 12
(Alex: Don't try this at home, apparently some [*]s can be toxic.)

the tulip

Dan
    $200 16
Lindas

Meg
    $200 14
San Francisco earthquake (and fire)

Dan
    $200 6
(Robin: What is The Jeffersons?)

All in the Family

MegRobin
    $200 3
outdraw him or her

Dan
    $300 25
antennae

Dan
    $300 28
salami

Triple Stumper
    $300 22
saints

Dan
    $300 17
Texaco

Meg
    $300 7
Mary Tyler Moore

Robin
    $300 4
an outlet

Robin
    $400 26
hornets (yellowjackets)

Dan
    $400 29
French toast

Dan
    $400 23
(Dan: What are automobiles?)
(Alex: Be a little more specific.)

old automobiles no longer in production

Dan
    $400 18
Caruso

Meg
    $400 8
Three's Company

Meg
    $400 20
an outcast

Dan
    $500 27
nymph

Dan
    $500 30
chocolate

Robin
    $1,000 24
(Alex: You wanna try it?)
(Dan: No, I have no guess.)

things that have a bridge

Dan
    $500 19
Italian & French

Meg
    $500 9
Tabitha

Robin
    $500 21
(Meg: What is someone who is [*]?)

outspoken

Meg

Scores at the first commercial break (after clue 16):

Meg Dan Robin
$1,300 $900 $900

Scores at the end of the Jeopardy! Round:

Meg Dan Robin
$3,000 $2,600 $1,400

Double Jeopardy! Round responses

U.S. HISTORY
LITERARY FLOWERS
JAZZ
PSEUDONYMS
TRAVEL & TOURISM
"IN" WORDS
    $200 4
stripes on the flag

Meg
    $200 26
roses

Meg
    $200 1
New Orleans

Robin
    $200 7
George

Dan
    $200 21
dollars

Dan
    $200 12
insult

Meg
    $400 5
Geronimo

Robin
    $400 27
ability to talk

Triple Stumper
    $400 2
Chick

Robin
    $400 17
General Tom Thumb

Dan
    $400 22
India

Dan
    $400 13
intellectual

Dan
    $600 6
Orville Wright

Meg
    $600 28
Ophelia

Robin
    $600 3
Duke Ellington

Dan
    $600 18
(Roscoe) "Fatty" Arbuckle

Robin
    $600 23
Acapulco

Robin
    $600 14
intoxicated or inebriated

Robin
    $800 8
(Dan: What is the Arctic Ocean?)
(Alex: Be a little more specific.)

North Pole

Dan
    $800 29
Daisy Miller

Meg
    $1,000 10
Peanuts & Charlie Brown (characters from the television show, Peanuts)

Robin
    $800 19
Lillian Russell

Triple Stumper
    $800 24
tea

Triple Stumper
    $800 15
indigestion

Meg
    $1000 9
George Wallace

Robin
    $800 30
(Meg: What are daisies?)

Lilacs

Meg
    $1000 11
Miles Davis

Triple Stumper
    $1000 20
Mike Romanoff

Triple Stumper
    $1000 25
(Leonardo) Da Vinci

Dan
    $1000 16
(Robin: What is indistinguishable?)

intangible

Robin
Triple Stumper

Scores at the end of the Double Jeopardy! Round:

Meg Dan Robin
$5,000 $6,600 $5,800

[wagering suggestions for these scores]

Final Jeopardy! Round responses

THE CONTINENTS
MegWhat are Australia & South America?
$4,999
RobinWhat are Australia & North America?
$5,200
DanWhat are Australia & N. America?
$5,000
Australia & South America

Final scores:

Meg Dan Robin
$9,999 $1,600 $600
3-day champion: $29,799 2nd place: trip on Eastern to Caribbean & stay at Hedonism II Resort 3rd place: Berkline Wallaway sofa

Game dynamics:

Coryat scores:

Meg Dan Robin
$5,800 $7,600 $5,600
17 R,
1 W
(including 1 DD)
21 R,
1 W
(including 1 DD)
13 R
(including 1 DD),
2 W

Combined Coryat: $19,000

[game clues] [game scores] [suggest correction]

Game tape date: Unknown
The J! Archive is created by fans, for fans. Scraping, republication, monetization, and malicious use prohibited; this site may use cookies and collect identifying information. See terms. The Jeopardy! game show and all elements thereof, including but not limited to copyright and trademark thereto, are the property of Jeopardy Productions, Inc. and are protected under law. This website is not affiliated with, sponsored by, or operated by Jeopardy Productions, Inc. Join the discussion at JBoard.tv.